[Event "Nikaia op 21st"]
[Site "Nikaia"]
[Date "2013.08.31"]
[Round "7"]
[White "Haliamanis, Georgios"]
[Black "Vazelakis, Dimitrios"]
[Result "0-1"]
[WhiteElo "2309"]
[BlackElo "1969"]
[PlyCount "92"]
[EventDate "2013.08.26"]
[EventType "swiss"]
[EventRounds "9"]
[EventCountry "GRE"]
[SourceTitle "CBM 156 Extra"]
[Source "ChessBase"]
[SourceDate "2013.10.22"]
[SourceVersion "1"]
[SourceVersionDate "2013.10.22"]
[SourceQuality "1"]

1. d4 g6 2. c4 Bg7 3. Nc3 d6 4. e4 Nf6 5. f3 0-0 6. Bg5 Nbd7 7. Qd2 a6 8. Nge2 c5 9. d5 b5 10. cxb5 Qa5 11. a4 Nb6 12. Ng3 axb5 13. Bxb5 Ba6 14. Bxa6 Rxa6 15. Qe2 Rfa8 16. 0-0 Qb4 17. Bd2 Nc4 18. Bc1 Nb6 19. Bd2 Qc4 20. b3 Qxb3 21. a5 Qc4 22. Nb5 Qxe2 23. Nxe2 Nc4 24. Bc3 Ne8 25. Ra4 Nb6 26. Ra2 Bxc3 27. Nexc3 Rxa5 28. Re2 Na4 29. e5 Nxc3 30. Nxc3 Kf8 31. exd6 exd6 32. Rfe1 Ra3 33. Re3 Nf6 34. g4 Re8 35. Ne4 Rxe3 36. Rxe3 Nxe4 37. fxe4 f5 38. gxf5 gxf5 39. Rh3 fxe4 40. Rxh7 Re5 41. Kf2 Rxd5 42. Ke3 Re5 43. Rc7 d5 44. Kf4 Re7 45. Rxc5 e3 46. Rc1 e2 0-1

[Event "Ambelokipi op 71st"]
[Site "Athens"]
[Date "2006.09.20"]
[Round "4"]
[White "Haliamanis, Georgios"]
[Black "Kapsiotis, Hristos"]
[Result "1-0"]
[WhiteElo "2332"]
[BlackElo "1914"]
[PlyCount "121"]
[EventDate "2006.09.09"]
[EventType "swiss"]
[EventRounds "7"]
[EventCountry "GRE"]
[SourceTitle "EXT 2007"]
[Source "ChessBase"]
[SourceDate "2006.11.23"]
[SourceVersion "1"]
[SourceVersionDate "2006.11.23"]
[SourceQuality "1"]

1. Nf3 d5 2. g3 Nf6 3. Bg2 g6 4. b3 Bg7 5. Bb2 0-0 6. 0-0 c6 7. d3 Nbd7 8. c4 dxc4 9. bxc4 Qc7 10. Nc3 Re8 11. a4 Rb8 12. Qc2 e5 13. Rfc1 a5 14. Nd2 Nc5 15. Nb3 Bf8 16. Nxc5 Bxc5 17. Ba3 Qd6 18. Bxc5 Qxc5 19. Rab1 Bf5 20. Rb2 b6 21. h3 Rb7 22. g4 Bd7 23. e3 h6 24. Rb3 Kg7 25. Qb2 Reb8 26. Rb1 g5 27. Ne2 Be6 28. Ng3 Kg6 29. Qa3 Bc8 30. Be4+ Nxe4 31. Nxe4 Qxa3 32. Rxa3 Be6 33. Rab3 Rd7 34. Nc5 bxc5 35. Rxb8 Rxd3 36. Ra8 Bxc4 37. Rxa5 Bb3 38. Ra6 Bd5 39. Rc1 c4 40. Ra5 f5 41. Rc5 fxg4 42. hxg4 Ra3 43. R5xc4 Bxc4 44. Rxc4 c5 45. Kg2 Kf6 46. Kf3 Ke6 47. Rxc5 Rxa4 48. Rc6+ Kf7 49. Rxh6 e4+ 50. Kg2 Ra5 51. Rd6 Rb5 52. Kg3 Ra5 53. Kg2 Rb5 54. Ra6 Rc5 55. Ra4 Re5 56. Kf1 Kf6 57. Ke2 Re6 58. Kd2 Rd6+ 59. Kc3 Rd1 60. Rxe4 Rf1 61. f4 1-0

[Event "Athens op"]
[Site "Athens"]
[Date "1989.??.??"]
[Round "?"]
[White "Haliamanis, Georgios"]
[Black "Amendola, Konstantinos"]
[Result "1-0"]
[WhiteElo "2300"]
[BlackElo "2255"]
[PlyCount "72"]
[EventDate "1989.??.??"]
[EventType "swiss"]
[EventRounds "9"]
[EventCountry "GRE"]
[SourceTitle "EXT 1997"]
[Source "ChessBase"]
[SourceDate "1996.11.15"]
[SourceVersion "1"]
[SourceVersionDate "1996.11.15"]
[SourceQuality "1"]

1. e4 c5 2. Nf3 d6 3. d4 cxd4 4. Nxd4 Nf6 5. Nc3 Nc6 6. Bg5 e6 7. Qd2 Be7 8. 0-0-0 0-0 9. Nb3 a6 10. f4 b5 11. a3 Rb8 12. Bd3 b4 13. axb4 Nxb4 14. Rhe1 Nxd3+ 15. Qxd3 Bb7 16. Re3 d5 17. e5 Nd7 18. Rh3 g6 19. Qg3 Bxg5 20. fxg5 Re8 21. Qh4 Nf8 22. Ne4 dxe4 23. Rxd8 Rexd8 24. Nc5 Rd4 25. c3 Rc4 26. Nxb7 Rxb7 27. Re3 Rb5 28. Rxe4 Rxe4 29. Qxe4 Nd7 30. Qa8+ Kg7 31. Qxa6 Rxe5 32. h4 Nc5 33. Qa7 Re4 34. b4 Nd3+ 35. Kc2 Ne1+ 36. Kb3 Nxg2 1-0